First Pokémon by Type Combination: Ground - Statistics

General Stats
  • This quiz has been taken 162 times
    69 since last reset
  • The average score is 15 of 17
Answer Stats
Type Combination Pokédex # Pokémon Region % Correct
Ground / Rock 074 Geodude Kanto
98%
Ground / Bug 290 Nincada Hoenn
96%
Pure Ground 027 Sandshrew Kanto
94%
Ground / Fire 322 Numel Hoenn
91%
Ground / Flying 207 Gligar Johto
89%
Ground / Poison 031 Nidoqueen Kanto
89%
Ground / Steel 050 Diglett Alola
87%
Ground / Dragon 329 Vibrava Hoenn
87%
Ground / Water 194 Wooper Johto
87%
Ground / Normal 660 Diggersby Kalos
85%
Ground / Ice 220 Swinub Johto
85%
Ground / Psychic 343 Baltoy Hoenn
83%
Ground / Electric 618 Stunfisk Unova
83%
Ground / Grass 389 Torterra Sinnoh
83%
Ground / Dark 551 Sandile Unova
77%
Ground / Ghost 562 Yamask Galar
77%
Ground / Fighting 0984 Great Tusk Paldea
68%
No matching quizzes found
Score Distribution
Percent of People with Each Score
Percentile by Number Answered
Your Score History
You have not taken this quiz since the last reset